| 000 | 01570nam a2200409Ki 4500 | ||
|---|---|---|---|
| 001 | 9111182 | ||
| 003 | ARRUPE | ||
| 005 | 20161114094143.0 | ||
| 006 | m d | ||
| 007 | cr bn||||||abp | ||
| 007 | cr bn||||||ada | ||
| 008 | 110502s1826 xx c o 000 0 ita d | ||
| 035 | _a(OCoLC)ocn719411875 | ||
| 035 | _a(OCoLC)719411875 | ||
| 040 |
_aOCLCE _beng _cOCLCE |
||
| 043 | _ae-it--- | ||
| 049 | _aZCUA | ||
| 050 | 4 |
_aDG731.5 _b.M3 1826 |
|
| 082 | 4 | _a854.3 | |
| 100 | 1 |
_aMachiavelli, Niccolò, _d1469-1527. _93238 |
|
| 240 | 1 | 0 | _aWorks |
| 245 | 1 | 0 |
_aOpere di Niccolò Machiavelli _ccittadino e segretario fiorentino. |
| 260 |
_aItaly _bs.n.], _c1826. |
||
| 300 |
_a378p. ; _c23 cm. |
||
| 500 | _aImprint reads "Italia" beneath a medallion containing the initials "L. C." | ||
| 506 |
_3Use copy _fRestrictions unspecified _2star _5MiAaHDL |
||
| 533 |
_aElectronic reproduction. _b[S.l.] : _cHathiTrust Digital Library, _d2011. |
||
| 538 |
_aMaster and use copy. Digital master created according to Benchmark for Faithful Digital Reproductions of Monographs and Serials, Version 1. Digital Library Federation, December 2002. _uhttp://purl.oclc.org/DLF/benchrepro0212 |
||
| 583 | 1 |
_adigitized _c2011 _hHathiTrust Digital Library _lcommitted to preserve _2pda _5MiAaHDL |
|
| 650 | 0 |
_aPolitical science. _927376 |
|
| 650 | 0 |
_aPolitical ethics. _911131 |
|
| 650 | 0 |
_aWar. _96446 |
|
| 651 | 0 |
_aFlorence (Italy) _xHistory. _927377 |
|
| 651 | 0 |
_aFlorence (Italy) _xForeign relations. _927378 |
|
| 776 | 1 |
_cOriginal _w(OCoLC)4216112 |
|
| 942 |
_2lcc _cMONOGRAPH |
||
| 999 |
_c125703 _d125703 |
||